[Event "CFriend CP.2005.P.00026"]
[Site "Chessfriend.com"]
[Date "2005.10.01"]
[Round "?"]
[White "Johansson, Mats"]
[Black "Pugachev, Dmitry"]
[Result "1-0"]
[WhiteElo "2281"]
[BlackElo "1915"]
[PlyCount "85"]
[EventDate "2005.10.01"]
[EventType "tourn (corr)"]
[EventRounds "1"]
[SourceTitle "Corr 2008"]
[Source "ChessBase"]
[SourceDate "2008.06.24"]
[SourceVersion "1"]
[SourceVersionDate "2008.06.24"]
[SourceQuality "1"]

1. d4 d5 2. c4 dxc4 3. Nf3 Nf6 4. e3 b5 5. a4 c6 6. axb5 cxb5 7. b3 Be6 8. Nbd2 Nbd7 9. bxc4 bxc4 10. Bxc4 Bxc4 11. Nxc4 e6 12. Qa4 Be7 13. Nfe5 Qc7 14. Ba3 Bxa3 15. Qxa3 Nxe5 16. Nd6+ Kf8 17. dxe5 Nd5 18. e4 Ne7 19. 0-0 Ng6 20. Rfb1 Kg8 21. Rb7 Qc2 22. Qf3 Nxe5 23. Qf4 f6 24. Qg3 Ng6 25. Qg4 f5 26. Nxf5 Re8 27. Rxg7+ Kf8 28. Qg5 Qc3 29. Rgxa7 Qxa1+ 30. Rxa1 exf5 31. Qf6+ Kg8 32. Ra7 Ne7 33. Qg5+ Kf7 34. Qxf5+ Kg7 35. Qg5+ Kf7 36. e5 Rhf8 37. e6+ Kxe6 38. Ra6+ Nc6 39. Rxc6+ Kf7 40. Rf6+ Ke7 41. Qe5+ Kd7 42. Rd6+ Kc7 43. Qc5+ 1-0

[Event "CFriend AP-2005-Q-00011 email"]
[Site "Chessfriend.com"]
[Date "2005.05.23"]
[Round "1"]
[White "Chouari, Wajdi"]
[Black "Pugachev, Dmitry"]
[Result "1-0"]
[WhiteElo "2187"]
[BlackElo "1915"]
[PlyCount "75"]
[EventDate "2005.??.??"]
[EventType "tourn (corr)"]
[EventRounds "12"]
[SourceTitle "Corr 2024"]
[Source "ChessBase"]
[SourceDate "2023.10.19"]
[SourceVersion "1"]
[SourceVersionDate "2023.10.19"]
[SourceQuality "1"]

1. e4 e5 2. Nf3 f6 3. Nxe5 Qe7 4. Nf3 d5 5. d3 dxe4 6. dxe4 Qxe4+ 7. Be2 Bf5 8. 0-0 Qxc2 9. Qe1 Be7 10. Nd4 Qc5 11. Be3 Bd7 12. Nb5 Qc2 13. Bd1 Qxb2 14. Nxc7+ Kd8 15. Nxa8 Qxa1 16. Qa5+ b6 17. Qxa7 Qe5 18. Bd4 Qf4 19. g3 Qd6 20. Bxb6+ Ke8 21. Nc7+ Kf7 22. Bb3+ Kg6 23. Qxb8 Bh3 24. Rd1 Qc6 25. Bd5 Qc2 26. Qe8+ Kh6 27. Bf3 g6 28. Be3+ g5 29. Qh5+ Kg7 30. Rc1 Qxa2 31. Bd5 Qxd5 32. Nxd5 Bf5 33. Rc7 Bg6 34. Qf3 Bxb1 35. Rxe7+ Kh6 36. h4 Nxe7 37. Qxf6+ Bg6 38. hxg5+ 1-0

[Event "CFriend AP-2005-Q-00011 email"]
[Site "Chessfriend.com"]
[Date "2005.05.23"]
[Round "1"]
[White "Munkwitz, Wolfgang"]
[Black "Pugachev, Dmitry"]
[Result "0-1"]
[WhiteElo "1451"]
[BlackElo "1915"]
[PlyCount "40"]
[EventDate "2005.??.??"]
[EventType "tourn (corr)"]
[EventRounds "12"]
[SourceTitle "Corr 2024"]
[Source "ChessBase"]
[SourceDate "2023.10.19"]
[SourceVersion "1"]
[SourceVersionDate "2023.10.19"]
[SourceQuality "1"]

1. d4 d5 2. Nf3 Nc6 3. e3 Bf5 4. Bd3 Bxd3 5. Qxd3 Nf6 6. c4 e6 7. Nc3 Bd6 8. e4 dxe4 9. Nxe4 Nxe4 10. Qxe4 Bb4+ 11. Bd2 Bxd2+ 12. Kxd2 Qd6 13. a3 f5 14. Qd3 0-0-0 15. b4 Nxd4 16. Nxd4 Qxd4 17. Qxd4 Rxd4+ 18. Kc3 Rhd8 19. c5 Rd3+ 20. Kc4 c6 0-1

[Event "CFriend AP-2005-Q-00011 email"]
[Site "Chessfriend.com"]
[Date "2005.05.23"]
[Round "1"]
[White "Pugachev, Dmitry"]
[Black "Cherner, Lyle"]
[Result "1-0"]
[WhiteElo "1915"]
[BlackElo "1577"]
[PlyCount "73"]
[EventDate "2005.??.??"]
[EventType "tourn (corr)"]
[EventRounds "12"]
[SourceTitle "Corr 2024"]
[Source "ChessBase"]
[SourceDate "2023.10.19"]
[SourceVersion "1"]
[SourceVersionDate "2023.10.19"]
[SourceQuality "1"]

1. c4 e5 2. e4 Nc6 3. d3 Nf6 4. Nc3 Bc5 5. h3 d6 6. Nf3 h6 7. Be2 Nd4 8. 0-0 0-0 9. a3 c6 10. b4 Nxf3+ 11. Bxf3 Bd4 12. Bb2 Be6 13. Rc1 Nd7 14. Bg4 Qf6 15. Bxe6 Qxe6 16. Qf3 f5 17. Rce1 Qg6 18. Rb1 Nb6 19. Qe2 fxe4 20. Nxe4 d5 21. cxd5 Bxb2 22. Qxb2 cxd5 23. Nc5 Rf5 24. Rbe1 Re8 25. Re2 Re7 26. Rfe1 Qf6 27. a4 Nc8 28. Qb3 Qf7 29. Qc3 Qe8 30. b5 Kh8 31. Nb3 Nb6 32. a5 d4 33. Qc5 Na4 34. Qxa7 Rff7 35. f3 Nc3 36. Rd2 Qxb5 37. Nc5 1-0

[Event "CFriend AP-2004-Q-00020 email"]
[Site "Chessfriend.com"]
[Date "2004.12.22"]
[Round "1"]
[White "Florea, Mihai"]
[Black "Pugachev, Dmitry"]
[Result "1/2-1/2"]
[WhiteElo "2338"]
[BlackElo "1915"]
[PlyCount "36"]
[EventDate "2004.??.??"]
[EventType "tourn (corr)"]
[EventRounds "12"]
[SourceTitle "Corr 2024"]
[Source "ChessBase"]
[SourceDate "2023.10.19"]
[SourceVersion "1"]
[SourceVersionDate "2023.10.19"]
[SourceQuality "1"]

1. e4 e5 2. Nf3 f6 3. Bc4 Nc6 4. 0-0 d6 5. d4 Bg4 6. dxe5 dxe5 7. Nbd2 Qd7 8. h3 Be6 9. Bxe6 Qxe6 10. c3 Bd6 11. b4 Nge7 12. Qa4 0-0 13. Rd1 Ng6 14. b5 Nce7 15. Qb3 Nf4 16. Qxe6+ Nxe6 17. Nb3 b6 18. a4 Rfd8 1/2-1/2

[Event "CFriend AP-2004-Q-00020 email"]
[Site "Chessfriend.com"]
[Date "2004.12.22"]
[Round "1"]
[White "Schoupal, Patrik"]
[Black "Pugachev, Dmitry"]
[Result "1-0"]
[WhiteElo "2292"]
[BlackElo "1915"]
[PlyCount "39"]
[EventDate "2004.??.??"]
[EventType "tourn (corr)"]
[EventRounds "12"]
[SourceTitle "Corr 2024"]
[Source "ChessBase"]
[SourceDate "2023.10.19"]
[SourceVersion "1"]
[SourceVersionDate "2023.10.19"]
[SourceQuality "1"]

1. e4 e5 2. d4 exd4 3. c3 Qe7 4. cxd4 Qxe4+ 5. Be3 Bb4+ 6. Nc3 Nc6 7. Nf3 Nf6 8. Bd3 Qg4 9. 0-0 0-0 10. a3 Bxc3 11. bxc3 Re8 12. Re1 h6 13. Qb3 d6 14. d5 Na5 15. Qc2 c5 16. c4 b5 17. cxb5 Nxd5 18. Bd2 Rxe1+ 19. Rxe1 Nb7 20. Re8# 1-0

[Event "CFriend AT-2004-0-00152 email"]
[Site "Chessfriend.com"]
[Date "2004.10.07"]
[Round "1"]
[White "Pugachev, Dmitry"]
[Black "Pegado, Sergio"]
[Result "1-0"]
[WhiteElo "1915"]
[BlackElo "1008"]
[PlyCount "33"]
[EventDate "2004.??.??"]
[EventType "tourn (corr)"]
[EventRounds "2"]
[SourceTitle "Corr 2024"]
[Source "ChessBase"]
[SourceDate "2023.10.19"]
[SourceVersion "1"]
[SourceVersionDate "2023.10.19"]
[SourceQuality "1"]

1. e4 c5 2. Nf3 e6 3. Qe2 Be7 4. d4 Nf6 5. Bg5 0-0 6. c3 cxd4 7. Nxd4 e5 8. Nf5 d5 9. Nxe7+ Qxe7 10. exd5 Rd8 11. Bxf6 Qxf6 12. Qe4 Bf5 13. Qc4 Nc6 14. dxc6 Rac8 15. Qa4 Rxc6 16. Be2 e4 17. 0-0 1-0